[Event "Wiesbaden op 23rd"]
[Site "Wiesbaden"]
[Date "2011.08.28"]
[Round "7"]
[White "Feller, Florian"]
[Black "Syed, Tareq"]
[Result "0-1"]
[WhiteElo "1977"]
[BlackElo "2112"]
[PlyCount "48"]
[EventDate "2011.08.25"]
[EventType "swiss"]
[EventRounds "7"]
[EventCountry "GER"]
[SourceTitle "CBM 144 Extra"]
[Source "ChessBase"]
[SourceDate "2011.10.28"]
[SourceVersion "1"]
[SourceVersionDate "2011.10.28"]
[SourceQuality "1"]

1. e4 c6 2. d4 Na6 3. Nf3 g6 4. Be3 Nh6 5. Nc3 Nc7 6. h3 f6 7. g4 Nf7 8. g5 d5 9. Qd2 Bg7 10. 0-0-0 dxe4 11. gxf6 exf6 12. Nh2 f5 13. Kb1 Be6 14. Rg1 Nd5 15. Bg2 Qb8 16. f4 Bf8 17. Nxe4 fxe4 18. Bxe4 Nd6 19. Bd3 Nb5 20. Ng4 Bg7 21. Rge1 0-0 22. c4 Nxe3 23. Nxe3 Nxd4 24. Qg2 Qxf4 0-1

[Event "Stuttgart-chA int"]
[Site "Gerlingen"]
[Date "2011.06.02"]
[Round "1"]
[White "Feller, Florian"]
[Black "Wagner, Florian"]
[Result "0-1"]
[WhiteElo "1986"]
[BlackElo "2249"]
[PlyCount "68"]
[EventDate "2011.06.02"]
[EventType "swiss"]
[EventRounds "7"]
[EventCountry "GER"]
[SourceTitle "EXT 2018"]
[Source "ChessBase"]
[SourceDate "2017.10.13"]
[SourceVersion "1"]
[SourceVersionDate "2017.10.13"]
[SourceQuality "1"]

1. e4 c5 2. Nf3 e6 3. d4 cxd4 4. Nxd4 a6 5. g3 b6 6. Bg2 Bb7 7. 0-0 Qc7 8. Nc3 Nf6 9. h3 Be7 10. Nde2 d6 11. g4 h5 12. g5 Nfd7 13. f4 Nc6 14. Rb1 b5 15. b4 Nb6 16. Rb3 Nc4 17. Nb1 Nxb4 18. Rxb4 Qc5+ 19. Qd4 Qxb4 20. Qxg7 Rf8 21. Nd4 Qxb1 22. g6 Qa1 23. Be3 Qc3 24. Bf2 0-0-0 25. gxf7 Ne3 26. Re1 Nxg2 27. Kxg2 Qc4 28. Qg6 e5 29. Ne6 exf4 30. Nxd8 Bxd8 31. Qxd6 Rxf7 32. Rd1 Qxe4+ 33. Kf1 Qg2+ 34. Ke1 Re7+ 0-1

[Event "Wuerttemberg-ch KT"]
[Site "Stuttgart"]
[Date "2010.09.05"]
[Round "9"]
[White "Feller, Florian"]
[Black "Schuster, Gerhard"]
[Result "1-0"]
[WhiteElo "1912"]
[BlackElo "2006"]
[PlyCount "61"]
[EventDate "2010.08.28"]
[EventType "swiss"]
[EventRounds "9"]
[EventCountry "GER"]
[SourceTitle "EXT 2017"]
[Source "ChessBase"]
[SourceDate "2016.10.25"]
[SourceVersion "1"]
[SourceVersionDate "2016.10.25"]
[SourceQuality "1"]

1. e4 c6 2. d4 d5 3. e5 Bf5 4. Nf3 e6 5. Be2 Nd7 6. 0-0 h6 7. Be3 Ne7 8. c4 dxc4 9. Bxc4 Nd5 10. Nc3 Be7 11. Bd3 Bxd3 12. Qxd3 0-0 13. Nxd5 cxd5 14. Nd2 Qb6 15. Rab1 Rfc8 16. f4 Qa6 17. Qb3 Nb6 18. f5 Qa4 19. fxe6 fxe6 20. Qd3 Qe8 21. b3 Rc6 22. Rbc1 Rac8 23. Rxc6 Rxc6 24. Rf3 Rc1+ 25. Nf1 Ra1 26. a4 Bb4 27. Rg3 Be1 28. Rg6 Qf7 29. g3 Qf3 30. Rxg7+ Kf8 31. Qh7 1-0

[Event "Wuerttemberg-ch KT"]
[Site "Stuttgart"]
[Date "2010.09.01"]
[Round "5"]
[White "Hornecker, Siegfried"]
[Black "Feller, Florian"]
[Result "0-1"]
[WhiteElo "1954"]
[BlackElo "1912"]
[PlyCount "80"]
[EventDate "2010.08.28"]
[EventType "swiss"]
[EventRounds "9"]
[EventCountry "GER"]
[SourceTitle "EXT 2017"]
[Source "ChessBase"]
[SourceDate "2016.10.25"]
[SourceVersion "1"]
[SourceVersionDate "2016.10.25"]
[SourceQuality "1"]

1. d4 Nf6 2. f3 d5 3. e4 dxe4 4. Nc3 Bf5 5. fxe4 Nxe4 6. Qf3 Nd6 7. Bf4 e6 8. Bxd6 Bxd6 9. Qxb7 Nd7 10. Bb5 0-0 11. Nge2 Nf6 12. 0-0-0 Ng4 13. Qf3 Qg5+ 14. Kb1 Ne3 15. Rc1 a6 16. Bd3 Bxd3 17. cxd3 f5 18. Na4 Nd5 19. Nc5 Qg6 20. Nc3 Nxc3+ 21. bxc3 Bxc5 22. dxc5 Rab8+ 23. Kc2 Rbd8 24. Rhe1 Rd5 25. d4 Rfd8 26. Qe2 e5 27. dxe5 Qe6 28. c4 Rxc5 29. Kb1 Rd4 30. Red1 Rxd1 31. Qxd1 Qxe5 32. Qd7 a5 33. Rc3 h6 34. Rf3 Qe4+ 35. Kb2 Qxc4 36. Qd2 Kh7 37. Rg3 a4 38. Qc3 Rb5+ 39. Ka1 Qf1+ 40. Qc1 Qxc1# 0-1

[Event "Staufer op 22nd"]
[Site "Schwaebisch Gmuend"]
[Date "2010.01.02"]
[Round "1"]
[White "Epishin, Vladimir"]
[Black "Feller, Florian"]
[Result "1-0"]
[WhiteElo "2607"]
[BlackElo "1925"]
[PlyCount "75"]
[EventDate "2010.01.02"]
[EventType "swiss"]
[EventRounds "9"]
[EventCountry "GER"]
[SourceTitle "CBM 134 Extra"]
[Source "ChessBase"]
[SourceDate "2010.03.03"]
[SourceVersion "1"]
[SourceVersionDate "2010.03.03"]
[SourceQuality "1"]

1. c4 c5 2. Nf3 Nf6 3. Nc3 d5 4. cxd5 Nxd5 5. a3 Nc6 6. e3 Bg4 7. Be2 e6 8. Qa4 Bxf3 9. Bxf3 Be7 10. Nxd5 exd5 11. Qb3 0-0 12. Qxd5 Qb6 13. 0-0 Bf6 14. Rb1 Rad8 15. Qa2 Ne5 16. Be2 Nd3 17. b4 cxb4 18. axb4 Nxb4 19. Qa4 a5 20. d4 Be7 21. Bd2 Rc8 22. Ra1 Ra8 23. Rfc1 Rfd8 24. Rc4 h6 25. g3 Qe6 26. Qb5 b6 27. Bf3 Rab8 28. Rac1 Qd7 29. Qh5 Bd6 30. Bxb4 Bxb4 31. Rc7 Qe8 32. Bc6 Qe6 33. Bb5 Qf6 34. Rxf7 Qg5 35. Qxg5 hxg5 36. Rfc7 Bd6 37. R7c6 Be7 38. Re6 1-0

[Event "Stuttgart-chA int"]
[Site "Ditzingen"]
[Date "2009.05.22"]
[Round "4"]
[White "Bissbort, Julian"]
[Black "Feller, Florian"]
[Result "0-1"]
[WhiteElo "2053"]
[BlackElo "1836"]
[PlyCount "114"]
[EventDate "2009.05.21"]
[EventType "swiss"]
[EventRounds "7"]
[EventCountry "GER"]
[SourceTitle "EXT 2018"]
[Source "ChessBase"]
[SourceDate "2017.10.13"]
[SourceVersion "1"]
[SourceVersionDate "2017.10.13"]
[SourceQuality "1"]

1. e4 c5 2. c3 d5 3. exd5 Qxd5 4. d4 Nf6 5. Nf3 Bg4 6. Be2 Nc6 7. Be3 cxd4 8. cxd4 e6 9. 0-0 a6 10. Nc3 Qd8 11. Qb3 Rb8 12. h3 Bh5 13. a3 Bd6 14. Rfd1 0-0 15. d5 Na5 16. Qa2 exd5 17. Nxd5 b5 18. g4 Bg6 19. Nxf6+ gxf6 20. b4 Nb7 21. Nd4 Rc8 22. Bf3 Qe7 23. Qd5 Nd8 24. Nf5 Bxf5 25. Qxf5 Rc4 26. Bd5 Qe5 27. Bxc4 Qh2+ 28. Kf1 bxc4 29. Qf3 c3 30. Rac1 Be5 31. Bd4 Ne6 32. Bxe5 fxe5 33. Rxc3 Nf4 34. Qg3 Qh1+ 35. Qg1 Qxg1+ 36. Kxg1 Ne2+ 37. Kg2 Nxc3 38. Rd6 Ra8 39. Rc6 Nb1 40. a4 Rb8 41. Rxa6 Rxb4 42. a5 Ra4 43. Kg3 Kg7 44. Rb6 Nc3 45. a6 e4 46. Rc6 Nd5 47. Rc5 Ne7 48. Rc7 Nd5 49. Rc5 Ra3+ 50. Kh4 Nf4 51. g5 Nd3 52. Rf5 Rxa6 53. Kg4 Ra2 54. h4 Nxf2+ 55. Kh5 e3 56. Re5 e2 57. Re3 Nd3 0-1

[Event "Stuttgart-chB int"]
[Site "Ditzingen"]
[Date "2008.05.01"]
[Round "2"]
[White "Feller, Florian"]
[Black "Ziegler, Michael1111"]
[Result "1/2-1/2"]
[WhiteElo "1794"]
[BlackElo "1662"]
[PlyCount "147"]
[EventDate "2008.05.01"]
[EventType "swiss"]
[EventRounds "7"]
[EventCountry "GER"]
[SourceTitle "EXT 2018"]
[Source "ChessBase"]
[SourceDate "2017.10.13"]
[SourceVersion "1"]
[SourceVersionDate "2017.10.13"]
[SourceQuality "1"]

1. e4 c5 2. Nf3 d6 3. d4 cxd4 4. Nxd4 Nf6 5. Nc3 a6 6. g3 e6 7. Bg2 Qc7 8. 0-0 Be7 9. Re1 0-0 10. Be3 Bd7 11. Rc1 Nc6 12. Nce2 Rac8 13. c4 Ng4 14. Qd2 Nxe3 15. Qxe3 Qa5 16. Nc3 Ne5 17. b3 Bd8 18. h3 Bb6 19. Qd2 Bc5 20. Red1 Bb4 21. Kh2 b5 22. f4 Nc6 23. Nde2 bxc4 24. bxc4 Ne7 25. Qd3 Qc5 26. Nb1 Ba4 27. Rg1 Rfd8 28. Nd4 g6 29. Nb3 Qc7 30. Rgd1 Bxb3 31. axb3 Bc5 32. Nc3 Nc6 33. Na4 Nb4 34. Qe2 a5 35. Nxc5 Qxc5 36. Rd2 Rb8 37. Rcd1 Rb6 38. e5 Rd7 39. exd6 Rdxd6 40. Rxd6 Rxd6 41. Rxd6 Qxd6 42. Qf3 Qc5 43. Qc3 Na6 44. g4 Nb4 45. Qf3 Qc7 46. Kg3 g5 47. Bf1 f6 48. Qe4 Qxf4+ 49. Qxf4 gxf4+ 50. Kxf4 h6 51. Ke4 Nc6 52. c5 Kf8 53. Be2 Ke7 54. Kd3 Ne5+ 55. Kd4 Kd7 56. Kc3 Kc6 57. b4 axb4+ 58. Kxb4 f5 59. Bb5+ Kc7 60. Be2 f4 61. Kb5 f3 62. Bf1 Nf7 63. Kc4 Kc6 64. Kd4 e5+ 65. Ke4 Kxc5 66. Kxf3 Kd4 67. h4 Nd6 68. Ba6 e4+ 69. Ke2 Nf7 70. Bc8 Nd6 71. Ba6 Nf7 72. Bc8 Ke5 73. Ke3 Nd6 74. Ba6 1/2-1/2